Ricostruisci la Carriera del Calciatore - Ciprian Tătărușanu - Statistics

Statistiche generali
  • Questo quiz è stato fatto 10 volte
  • Il punteggio medio è 3 su 8
Statistiche sulle risposte
Hint Risposta % Corretto
2023- Abha
75%
2006-2009 Gloria Bistrița
75%
2020-2023 Milan
63%
2004-2006 Juventus Bucarest
38%
2009-2014 Steaua Bucarest
38%
2014-2017 Fiorentina
25%
2017-2019 Nantes
13%
2019-2020 Olympique Lione
13%
Nessun quiz corrispondente trovato
Distribuzione punteggi
Percentuale di utenti per punteggio
Percentile per numero di risposta
I tuoi punteggi nel tempo
Non hai fatto questo quiz